000 nam a22 4500
999 _c9380
_d9380
008 180516b ||||| |||| 00| 0 eng d
245 _aRelationsip rescue.
260 _aPhilippines
_bPhilippine Daily Inquirer
_cc2014
300 _apage D1.
650 0 _927870
_aParenting.
942 _2ddc
_cPER